Quizz Disney - Statistics

General Stats
  • This quiz has been taken 7 times
  • The average score is 16 of 63
Answer Stats
Hint Answer % Correct
1950 cendrillon
67%
1946 fantasia
67%
1953 peter pan
67%
1993 aladdin
50%
1968 le livre de la jungle
50%
1998 mulan
50%
1946 pinocchio
50%
1985 taram et le chaudron magique
50%
1999 tarzan
50%
1999 1001 pattes
33%
1947 bambi
33%
1938 blanche neige et les 7 nains
33%
1950 coquin de printemps
33%
1947 dumbo
33%
1999 fantasia 2000
33%
1997 hercule
33%
1955 la belle et le clochard
33%
1949 La boite à musique
33%
1996 le bossu de notre dame
33%
1994 le roi lion
33%
1961 les 101 dalmatiens
33%
1997 les 101 dalmatiens
33%
1951 mélodie cocktail
33%
1949 mélodie du sud
33%
1964 merlin l'enchanteur
33%
1995 pocahontas une légende indienne
33%
1974 robin des bois
33%
1947 saludos amigos
33%
1996 toy story
33%
1996 aladdin et le roi des voleurs
17%
1995 aladdin le retour de jafar
17%
1986 basil détective privé
17%
1991 bernard et bianca au pays des kangourous
17%
1950 danny le petit mouton noir
17%
1989 indiana jones et la dernière croisade
17%
1980 indiana jones et les aventuriers de l'arche perdue
17%
1991 la bande a picsou le trésor de la lampe perdue
17%
1959 la belle au bois dormants
17%
1990 la petite sirène
17%
1972 l'apprenti sorcière
17%
1999 le roi lion 2 l'honneur de la tribu
17%
1948 les 3 caballeros
17%
1977 les aventures de bernard et bianca
17%
1977 les aventures de winnie l'ourson
17%
1994 l'étrange noël de mr jack
17%
1965 mary poppins
17%
1989 oliver et compagnie
17%
1978 peter et eliott le dragon
17%
1999 pocahontas 2 un monde nouveau
17%
1988 qui veut la peau de roger rabbit
17%
1981 rox et rouky
17%
1999 star wars la menace fantôme
17%
1980 star wars l'empire contre attaque
17%
1983 star wars le retour du jedi
17%
1951 alice au pays des des merveilles
0%
1996 dingo et max
0%
1984 indiana jones et le temple maudti
0%
1992 la belle et la bête 2
0%
1998 la belle et la bête 2 un noël enchanté
0%
1999 le monde magique de la belle et la bête
0%
1971 les arsitochats
0%
1977 star wars un nouvel espoir
0%
1996 winnie l'ourson 2 le grand voyage
0%
No matching quizzes found
Score Distribution
Percent of People with Each Score
Percentile by Number Answered
Your Score History
You have not taken this quiz